Statistiken für Verstorbene Simpsons-Charaktere

Klicken Sie hier um das Quiz zu spielen!

Allgemein

  • Dieses Quiz wurde 14 mal gespielt
  • Das Durchschnittsergebnis liegt bei 5 aus 14

Antwortstatistiken

StaffelCharakter% Korrekt
Staffel 11Maude Flanders
85%
Staffel 25Edna Krabappel
62%
Staffel 19Mona Simpson
62%
Vor Staffel 1Schneeball I
46%
Staffel 15Schneeball II
46%
Staffel 8Frank Grimes
38%
Staffel 6Oscar Murphy
38%
Staffel 22Anthony D'Amico
(Fat Tony)
23%
Vor Staffel 1Clarence "Clancy" Bouvier
15%
Staffel 26Hyman Krustofski
15%
Staffel 35Lawrence "Larry" Dalrymple
15%
Staffel 8Shary Bobbins
8%
Staffel 18Amber Pigal-Simpson
0%
Vor Staffel 1Hans Sprungfeld
(Jebediah Springfield)
0%

Verteilung der Resultate

Perzentil nach korrekt beantworteten Fragen

Anzahl Personen mit jedem Resultat

Ihre Resultats-Entwicklung

Sie haben dieses Quiz noch nicht gespielt